|
|
|
|
| LEADER |
01620nam a2200433 a 4500 |
| 001 |
nkc20132508197 |
| 003 |
CZ PrNK |
| 005 |
20241014133819.0 |
| 007 |
ta |
| 008 |
131018s2013 xr a e f 001 0 cze |
| 015 |
|
|
|a cnb002508197
|
| 020 |
|
|
|a 978-80-260-5239-5
|q (brož.) :
|c Kč 165,00
|
| 035 |
|
|
|a (OCoLC)870287332
|
| 040 |
|
|
|a BOA001
|b cze
|
| 072 |
|
7 |
|a 635
|x Zahrádkářství
|2 Konspekt
|9 24
|
| 080 |
|
|
|a 634/635:631.147
|2 MRF
|
| 080 |
|
|
|a 633/635.01/.04
|2 MRF
|
| 080 |
|
|
|a 632.937
|2 MRF
|
| 080 |
|
|
|a (035)
|2 MRF
|
| 100 |
1 |
|
|a Vlašínová, Helena,
|d 1953-2017
|7 xx0051357
|4 aut
|4 pht
|
| 245 |
1 |
0 |
|a Zdravá zahrada /
|c Helena Vlašínová ; [ilustrace Květa Svobodová]
|
| 250 |
|
|
|a 2., dopl. vyd.
|
| 260 |
|
|
|a Brno :
|b Helena Vlašínová,
|c 2013
|
| 300 |
|
|
|a x, 137 s. :
|b il. (některé barev.) ;
|c 21 cm
|
| 504 |
|
|
|a Obsahuje bibliografii a rejstřík
|
| 650 |
0 |
7 |
|a ekologické zahrádkářství
|7 ph134767
|2 czenas
|
| 650 |
0 |
7 |
|a pěstování zahradních rostlin
|7 ph124860
|2 czenas
|
| 650 |
0 |
7 |
|a biologická ochrana rostlin
|7 ph118899
|2 czenas
|
| 650 |
0 |
9 |
|a ecological gardening
|2 eczenas
|
| 650 |
0 |
9 |
|a garden plants cultivation
|2 eczenas
|
| 650 |
0 |
9 |
|a biological plant control
|2 eczenas
|
| 655 |
|
7 |
|a příručky
|7 fd133209
|2 czenas
|
| 655 |
|
9 |
|a handbooks and manuals
|2 eczenas
|
| 910 |
2 |
|
|a BOA001
|b 2-1315.447
|
| 990 |
|
|
|a BK
|
| 995 |
|
|
|a 01
|
| 991 |
|
|
|b 201401
|c NOV
|e n
|
| 996 |
6 |
|
|b 2610573828
|c 2-1315.447
|l MZK
|r Sklad / do 1 hodiny
|n 6
|p p.v.
|w 001388718
|u 000010
|a 1
|e BOA001
|j MZK50
|s P
|
| 996 |
7 |
|
|b 2610592424
|c 2-1315.447
|l Vol.výběr
|r VV 1p
|n 27
|p p.v.
|h 635 VLA
|w 001388718
|u 000020
|a 0
|e BOA001
|j MZK50
|s A
|